[Event "Niedersachsen-ch op-C"]
[Site "Verden"]
[Date "2013.01.03"]
[Round "1"]
[White "Graf, Tristan"]
[Black "Siekmann, Christina"]
[Result "1/2-1/2"]
[WhiteElo "1206"]
[BlackElo "1562"]
[PlyCount "29"]
[EventDate "2013.01.03"]
[EventType "swiss"]
[EventRounds "7"]
[EventCountry "GER"]
[SourceTitle "EXT 2021"]
[Source "ChessBase"]
[SourceDate "2020.10.23"]
[SourceVersion "1"]
[SourceVersionDate "2020.10.23"]
[SourceQuality "1"]

1. e4 c6 2. c4 d5 3. cxd5 cxd5 4. e5 e6 5. d4 Nc6 6. Bb5 a6 7. Bxc6+ bxc6 8. Qc2 Qb6 9. Nf3 Bb4+ 10. Bd2 Bxd2+ 11. Nbxd2 Ne7 12. 0-0 0-0 13. Nb3 a5 14. Nc5 Ra7 15. b3 1/2-1/2

[Event "BL2 West 0809 (Women)"]
[Site "Germany"]
[Date "2008.12.07"]
[Round "4.6"]
[White "Siekmann, Christina"]
[Black "Schaller, Sigrid"]
[Result "0-1"]
[WhiteElo "1591"]
[BlackElo "1545"]
[PlyCount "56"]
[EventDate "2008.11.08"]
[EventType "team-tourn"]
[EventRounds "7"]
[EventCountry "GER"]
[SourceTitle "EXT 2010"]
[Source "ChessBase"]
[SourceDate "2010.11.25"]
[SourceVersion "1"]
[SourceVersionDate "2010.11.25"]
[SourceQuality "1"]
[WhiteTeam "Lehrte (W) II"]
[BlackTeam "Wattenscheid (W)"]
[WhiteTeamCountry "GER"]
[BlackTeamCountry "GER"]

1. d4 Nf6 2. Nf3 b6 3. Bf4 Bb7 4. e3 e6 5. Bd3 Be7 6. 0-0 0-0 7. Nbd2 Nh5 8. Bg3 Nxg3 9. fxg3 f5 10. Qe2 d5 11. c4 c6 12. Rac1 Nd7 13. cxd5 cxd5 14. Bb5 Bd6 15. Rc3 Nf6 16. Rfc1 Ne4 17. R3c2 Qf6 18. Bc6 Qe7 19. Bxb7 Qxb7 20. Rc6 Qd7 21. Qa6 h6 22. a4 Rad8 23. a5 bxa5 24. Nxe4 fxe4 25. Nh4 Kh7 26. Rxd6 Qxd6 27. Rc6 Qb4 28. Qe2 Qa4 0-1